| 000 | 00748nam a2200229 a 4500 | ||
|---|---|---|---|
| 008 | 120416s1973 ||||||||||||||||| || u | ||
| 020 | _a0121111504 | ||
| 050 | _aQK 898.A16 Boh | ||
| 100 | _aZdero, C | ||
| 245 | 1 | 0 | _aNaturally occurring acetylenes |
| 260 |
_aLondon _bAcademic Press _c1973 |
||
| 300 | _aix, 547p. : ill. | ||
| 350 | _a0.00 | ||
| 500 | _aIncludes bibliographical references. | ||
| 650 | _aPlants-- Classification | ||
| 650 | 0 | _aBOTANICAL CHEMISTRY | |
| 650 | _aPLANTS | ||
| 650 | _aACETYLENE COMPOUNDS | ||
| 700 | _aBurkhardt, T | ||
| 700 | _aBohlmann, F | ||
| 995 |
_D0.00 _FCBU-MAIN LIBRARY (Kitwe) _H1 _I13.00 _M1 _UAVAILABLE _ZAnnex Low-Usage Collection |
||
| 999 |
_c51996 _d51996 |
||